000 00950nam a22002537i 4500
003 EG-ScBUE
005 20260309093302.0
008 090628r19741932enka f 001 0 eng d
020 _a41212940X
040 _aEG-ScBUE
_beng
_erda
_cEG-ScBUE
_dEG-ScBUE
082 0 4 _222
_a552.4
_bHAR
100 1 _aHarker, Alfred,
_d1859-1939,
_eauthor.
245 1 0 _aMetamorphism :
_ba study of the transformations of rock-masses /
_cby the late Alfred Harker, M.A., LL.D., F.R.S., Sometime Fellow of St John's College and Emeritus Reader in Petrology in the University of Cambridge.
250 _aReprinted edition.
264 1 _aLondon :
_bChapman and Hall,
_c1974.
300 _aix, 362 pages :
_billustrations ;
_c24 cm
336 _2rdacontent
_atext
_btxt
337 _aunmediated
_2rdamedia
_bn
338 _avolume
_bnc
_2rdacarrier
500 _aIncludes index.
650 7 _96457
_aMetamorphism (Geology)
_2BUEsh
655 _vReading book
942 _2ddc
_cBB
999 _c12072
_d12072